ბათუმის შოთა რუსთაველის სახელმწიფო უნივერსიტეტის ბიბლიოთეკა

ღვაწლით ჩაუმქრალი სანთელი : (ბიბ.ჩანაწერი № 55768)

000 -ლიდერი
ფიქსირებული სიგრძის საკონტროლო ველი 01352nam a2200253Ia 4500
001 - საკონტროლო ნომერი
საკონტროლო ველი 22865
003 - საკონტროლო ნომრის იდენტიფიკატორი
საკონტროლო ველი GE_BSU
005 - ბოლო ოპერაციის თარიღი და დრო
საკონტროლო ველი 20230529154707.0
008 - ფიქსირებული სიგრძის მონაცემთა ელემენტები - ზოგადი ინფორმაცია
ფიქსირებული სიგრძის საკონტროლო ველი 181216s ||||ge |||||||||||||| ||geo||
020 ## - წიგნის საერთაშორისო სტანდარტული ნომერი
International Standard Book Number 9789941253331
040 ## - კატალოგიზაციის წყარო
Transcribing agency GE_BSU
041 ## - ენის კოდი
Language code of text/sound track or separate title geo
080 ## - უნივერსალური ათობითი კლასიფიკაციის ინდექსი
Universal Decimal Classification number 51(479.22)(092)+821.353.1-94 ღ-44
245 ## - ცნობა სათაურის შესახებ
Title ღვაწლით ჩაუმქრალი სანთელი :
Remainder of title რევაზ აბსავა 70 /
Statement of responsibility, etc პროექტის ავტ. და შემდგ. ციალა ძიძგური ; რედ. რევაზ სალია.
264 ## - წარმოების, გამოცემის, დისტრიბუციის და სხვა ცნობები
გამოცემის, წარმოების, დისტრიბუციის... ადგილი თბილისი :
გამოცემის, წარმოების, დისტრიბუციის... სახელწოდება [?],
გამოცემის, წარმოების, დისტრიბუციის... თარიღი 2017.
300 ## - ფიზიკური აღწერა
Extent 284 გვ. :
Other physical details ფოტ. ;
Dimensions 21 სმ.
500 ## - ზოგადი შენიშვნა
General note წიგნი გამოდის ჯემალ ხარებავას ფინანსური მხარდაჭერით
520 ## - SUMMARY, ETC.
Summary, etc წიგნი გამოდის ჯემალ ხარებავას ფინანსური მხარდაჭერით.
653 ## - INDEX TERM--UNCONTROLLED
Uncontrolled term ქართველი მათემატიკოსები
653 ## - INDEX TERM--UNCONTROLLED
Uncontrolled term ღვაწლით ჩაუმქრალი სანთელი : რევაზ აბსავა 70
700 ## - ADDED ENTRY--PERSONAL NAME
Personal name სალია, რევაზ
Relator term რედაქტორი
9 (RLIN) 18271
942 ## - ADDED ENTRY ELEMENTS (KOHA)
Koha item type წიგნი
Source of classification or shelving scheme
ეგზემპლარები
ჩამოწერის სტატუსი დაკარგული ეგზემპლარის სტატუსი კლასიფიკაციის წყარო ან თაროზე გაწყობის სქემა დაზიანების სტატუსი არ გაიცემა მუდმივი მდებარეობა (დაცვის ადგილი) ამჟამინდელი ადგილსამყოფელი თაროზე განთავსების ადგილი შეძენის თარიღი ღირებულება, შესყიდვის ნორმალური ფასი სრული შენახვის შიფრი შტრიხკოდი ბოლო ოპერაციის თარიღი ეგზემპლარის მიმდევრობითი ნომერი (კეტერი?) ფასის ძალაში შესვლის თარიღი ეგზემპლარის სახეობა საჯარო შენიშვნა
          ბათუმის შოთა რუსთაველის სახელმწიფო უნივერსიტეტის მთავარი ბიბლიოთეკა ბათუმის შოთა რუსთაველის სახელმწიფო უნივერსიტეტის მთავარი ბიბლიოთეკა წიგნსაცავი 2018-12-17 5.00 51(479.22)(092)+821.353.1-94 ღ-44 58335 2018-12-17 58335 2018-12-17 წიგნი 5.00 ₾.